| 000 | 00391cam a2200157ua 4500 | ||
|---|---|---|---|
| 041 |
_amal _h |
||
| 082 |
_a894.812 308 _bSAR/SR |
||
| 100 | _aSarachandra, Chattarji . | ||
| 245 |
_aSerrkanthan / _cSaratchandra cattarji. _hTextual Documents |
||
| 250 |
_a1 / _b. |
||
| 260 |
_aThrissur : _bCurrent Books , _c1966. |
||
| 300 | _a404 ; . | ||
| 504 | _a | ||
| 942 | _cBK | ||
| 999 |
_c3877 _d3877 |
||